Statistiken für Songtitel nach Emoji

Klicken Sie hier um das Quiz zu spielen!

Allgemein

  • Dieses Quiz wurde 488 mal gespielt
  • Das Durchschnittsergebnis liegt bei 7 aus 15

Antwortstatistiken

EmojisSongtitel% Korrekt
9️⃣9️⃣🎈99 Luftballons
94%
☔️Umbrella
80%
🟣☁️Lila Wolken
77%
💃🐒Dance Monkey
73%
1️⃣✖️🔁🌍Einmal um die Welt
69%
⚫️🐴Dark Horse
45%
9️⃣➡️9️⃣9 bis 9
44%
☄️💥💥Komet
38%
👱‍♀️🎻IRL 💑👨 ENGGalway Girl
32%
👀🔥I See Fire
32%
👧🐴🏇🌞Mädchen auf dem Pferd
26%
🥭🥭🌶️Mangos mit Chilli
24%
🕵️🚶🔁Der Kommissar
15%
🙈👁🚫💡💡Blinding Lights
12%
🙎🙎‍♂️🙎🎤👉 🎺🎶👉Chöre
7%

Verteilung der Resultate

Perzentil nach korrekt beantworteten Fragen

Anzahl Personen mit jedem Resultat

Ihre Resultats-Entwicklung

Sie haben dieses Quiz noch nicht gespielt